00846nam a22002177a 450000500170000001000150001702000270003203500140005903700130007308200150008624501210010126000550022227000790027730000280035650000200038470000170040470000190042194200290044099900190046995201400048820180327141841.0 aENG-122417 c1050.00a9789352800117 aEN-105949 bDBAD/PUB a382.911823 aTrans-peacific partnership agreement:ced. by Abhijit Das [and] Shailja SinghbA framework for future trade rules? / aNew DelhibSage Publications India Pvt. Ltd.c2018 bNew Delhie110044aB1/I-1 Mohan Cooperative Industrial Area, Mathura Road, a340p.c23cm.(Hb)bill.  aIncluding index dAbhijit Das  dSingh, Shailja 2ddccENmTRAh382.911823 c150581d150581 001040708NFICaDBADbMd2018-03-27eDBAD/PUBg1050.00l0o382.911823 TRApEN-105949r2018-03-27 00:00:00t1v1050.00w2018-03-27yEN